000 00365pab a2200145 454500
008 180718b2001 xxu||||| |||| 00| 0 eng d
100 _aThapa, Govinda Bahadur
245 _aPractical issues in income taxation
260 _c2001
300 _ap.20-30
362 _aAug
650 _aIncome tax
773 _aAdministration and Management Review
909 _a50191
999 _c50191
_d50191